[Event "Gibtelecom ChallWk1 3rd"]
[Site "Gibraltar"]
[Date "2005.01.27"]
[Round "3.2"]
[White "Sbia, Bachir"]
[Black "Dickens, Rupert"]
[Result "0-1"]
[WhiteElo "1960"]
[BlackElo "1938"]
[PlyCount "64"]
[EventDate "2005.01.25"]
[EventType "swiss"]
[EventRounds "5"]
[EventCountry "GGB"]
[SourceTitle "BritBase"]
[Source "www.saund.co.uk"]
[SourceDate "2018.02.10"]
[SourceVersion "1"]
[SourceVersionDate "2018.02.10"]
[SourceQuality "1"]

1. Nf3 d5 2. c4 e6 3. d4 Nf6 4. Nc3 Be7 5. Bg5 O-O 6. e3 b6 7. Bxf6 Bxf6 8.
cxd5 exd5 9. Bd3 Bb7 10. Qc2 h6 11. h4 c5 12. dxc5 bxc5 13. O-O-O Qa5 14. Kb1
Rd8 15. Bh7+ Kf8 16. Na4 Na6 17. Rc1 Rac8 18. a3 c4 19. Nd4 Bc6 20. Nc3 Nc5 21.
Bf5 Rc7 22. Rcd1 Rb8 23. Ka2 Ba4 24. Nxa4 Nxa4 25. Rb1 Bxd4 26. exd4 Rcb7 27.
Rhd1 Rxb2+ 28. Rxb2 Rxb2+ 29. Qxb2 Nxb2 30. Kxb2 Qb6+ 31. Kc1 c3 32. Rh1 Ke8
0-1

[Event "Gibtelecom ChallWk1 3rd"]
[Site "Gibraltar"]
[Date "2005.01.27"]
[Round "3.3"]
[White "Taylor, Robert P"]
[Black "Judd, Ian"]
[Result "1/2-1/2"]
[WhiteElo "1675"]
[BlackElo "1847"]
[PlyCount "104"]
[EventDate "2005.01.25"]
[EventType "swiss"]
[EventRounds "5"]
[EventCountry "GGB"]
[SourceTitle "BritBase"]
[Source "www.saund.co.uk"]
[SourceDate "2018.02.10"]
[SourceVersion "1"]
[SourceVersionDate "2018.02.10"]
[SourceQuality "1"]

1. d4 h6 2. Nf3 g5 3. e4 Bg7 4. c3 d6 5. Be3 f5 6. exf5 Bxf5 7. Bd3 Qd7 8. Qc2
e6 9. Na3 Ne7 10. O-O Nbc6 11. Rad1 O-O-O 12. b4 Bxd3 13. Rxd3 Nd5 14. Qd2 Rdf8
15. b5 Nce7 16. c4 Nf4 17. Rb3 b6 18. Nc2 Nh3+ 19. Kh1 Rxf3 20. gxf3 Ng6 21.
Nb4 Qf7 22. Qd1 Nh4 23. Bc1 Rf8 24. f4 Nxf4 25. Nc6 h5 26. c5 g4 27. Nxa7+ Kd7
28. cxb6 Qf5 29. Bxf4 Qxf4 30. Qc2 cxb6 31. Qc6+ Ke7 32. Re3 Bxd4 33. Nc8+ Rxc8
34. Rxe6+ Kxe6 35. Qxc8+ Kf7 36. Qd7+ Kg6 37. Qe8+ Kh6 38. Qe6+ Bf6 39. Qe3 Be5
40. a4 Nf5 41. Qxf4+ Bxf4 42. Rd1 Ne7 43. Rd4 Kg5 44. Kg2 Kf5 45. h3 Ke5 46.
Rd1 Nd5 47. hxg4 hxg4 48. Kf1 Nc3 49. Ra1 Kd5 50. a5 Nxb5 51. axb6 Kc6 52. Ra4
Be5 1/2-1/2

[Event "Gibtelecom ChallWk1 3rd"]
[Site "Gibraltar"]
[Date "2005.01.27"]
[Round "3.4"]
[White "Benaddi, Mouhcine"]
[Black "Biletska, Iryna"]
[Result "1-0"]
[WhiteElo "1817"]
[BlackElo "1915"]
[PlyCount "29"]
[EventDate "2005.01.25"]
[EventType "swiss"]
[EventRounds "5"]
[EventCountry "GGB"]
[SourceTitle "BritBase"]
[Source "www.saund.co.uk"]
[SourceDate "2018.02.10"]
[SourceVersion "1"]
[SourceVersionDate "2018.02.10"]
[SourceQuality "1"]

1. Nf3 e6 2. g3 c5 3. Bg2 Nc6 4. O-O h6 5. e4 Nf6 6. d3 Be7 7. Nc3 a6 8. Re1
O-O 9. e5 Nh7 10. Ne4 Nd4 11. c3 Nxf3+ 12. Qxf3 Ng5 13. Qg4 f5 14. exf6 Nxe4
15. Qxg7# 1-0

[Event "Gibtelecom ChallWk1 3rd"]
[Site "Gibraltar"]
[Date "2005.01.27"]
[Round "3.5"]
[White "Garriga Marrodan, Enrique"]
[Black "Gravett, Alan D"]
[Result "0-1"]
[WhiteElo "1915"]
[BlackElo "1750"]
[PlyCount "80"]
[EventDate "2005.01.25"]
[EventType "swiss"]
[EventRounds "5"]
[EventCountry "GGB"]
[SourceTitle "BritBase"]
[Source "www.saund.co.uk"]
[SourceDate "2018.02.10"]
[SourceVersion "1"]
[SourceVersionDate "2018.02.10"]
[SourceQuality "1"]

1. d4 Nf6 2. Nf3 g6 3. Bg5 Bg7 4. Nbd2 d6 5. e3 O-O 6. Be2 Nbd7 7. c3 a5 8. h4
a4 9. h5 Nxh5 10. Rxh5 gxh5 11. Nh2 Ra5 12. Bh4 Bf6 13. Nc4 Ra8 14. Bxf6 Nxf6
15. Bxh5 Kh8 16. Qf3 Be6 17. Nd2 Rg8 18. c4 Rg5 19. d5 Rxh5 20. dxe6 Rxh2 21.
exf7 Qf8 22. O-O-O a3 23. b3 Qxf7 24. Qxb7 Qg8 25. Rg1 Rb8 26. Qxc7 Nd5 27. Qa7
Nc3 28. Qd4+ Qg7 29. Kc2 Nxa2 30. Nf3 Nb4+ 31. Kc3 Rh6 32. Ng5 Qxd4+ 33. exd4
Rg6 34. f4 h6 35. Nf3 Rg3 36. d5 a2 37. Kb2 Rbg8 38. Nh4 R8g4 39. Nf5 Rxg2+ 40.
Rxg2 Rxg2+ 0-1

[Event "Gibtelecom ChallWk1 3rd"]
[Site "Gibraltar"]
[Date "2005.01.27"]
[Round "3.6"]
[White "Roberts, Malcolm"]
[Black "Hamer, Martyn"]
[Result "0-1"]
[WhiteElo "1652"]
[BlackElo "1915"]
[PlyCount "76"]
[EventDate "2005.01.25"]
[EventType "swiss"]
[EventRounds "5"]
[EventCountry "GGB"]
[SourceTitle "BritBase"]
[Source "www.saund.co.uk"]
[SourceDate "2018.02.10"]
[SourceVersion "1"]
[SourceVersionDate "2018.02.10"]
[SourceQuality "1"]

1. d4 Nf6 2. c4 e5 3. dxe5 Ne4 4. Nf3 Nc6 5. e3 Bb4+ 6. Bd2 Nxd2 7. Nbxd2 Qe7
8. a3 Bxd2+ 9. Qxd2 Nxe5 10. Nxe5 Qxe5 11. Be2 O-O 12. O-O d6 13. Bf3 Bd7 14.
b4 Bc6 15. Bxc6 bxc6 16. Qd4 Rfe8 17. Rfd1 f5 18. Qxe5 Rxe5 19. g3 g5 20. Rd4
a5 21. Rdd1 Re4 22. c5 axb4 23. cxd6 cxd6 24. Rxd6 Rc4 25. Rd3 Rc2 26. Rb3 c5
27. Kf1 g4 28. Ke1 Kf7 29. a4 Ke6 30. Rd3 c4 31. Rd2 Rxd2 32. Kxd2 Kd5 33. a5
Ra6 34. Ra4 Kc5 35. Ra1 Kb5 36. Rc1 Rxa5 37. Rc2 b3 38. Rc1 Kb4 0-1

[Event "Gibtelecom ChallWk1 3rd"]
[Site "Gibraltar"]
[Date "2005.01.27"]
[Round "3.7"]
[White "Garcia Silva, Angel"]
[Black "Hurn, Robert"]
[Result "1/2-1/2"]
[WhiteElo "1877"]
[BlackElo "1682"]
[PlyCount "64"]
[EventDate "2005.01.25"]
[EventType "swiss"]
[EventRounds "5"]
[EventCountry "GGB"]
[SourceTitle "BritBase"]
[Source "www.saund.co.uk"]
[SourceDate "2018.02.10"]
[SourceVersion "1"]
[SourceVersionDate "2018.02.10"]
[SourceQuality "1"]

1. d4 Nf6 2. c4 e6 3. Nc3 Bb4 4. a3 Bxc3+ 5. bxc3 Ne4 6. Qc2 f5 7. Nf3 O-O 8.
e3 b6 9. Bd3 Bb7 10. Bb2 d6 11. Rg1 Nd7 12. Nd2 Nef6 13. O-O-O d5 14. h4 c5 15.
h5 Rc8 16. Kb1 Qc7 17. g4 Nxg4 18. Rxg4 fxg4 19. Bxh7+ Kh8 20. h6 Nf6 21. hxg7+
Qxg7 22. Bd3 Kg8 23. e4 Kf7 24. e5 Ne4 25. Nxe4 dxe4 26. Bxe4 Bxe4 27. Qxe4 Qg6
28. Qxg6+ Kxg6 29. Rg1 Kf5 30. Rc1 Rh8 31. Rc2 Rh2 32. Bc1 Rg8 1/2-1/2

[Event "Gibtelecom ChallWk1 3rd"]
[Site "Gibraltar"]
[Date "2005.01.27"]
[Round "3.8"]
[White "Elamri, Sanae"]
[Black "Gonzalez Amaya, Millan"]
[Result "0-1"]
[WhiteElo "1675"]
[BlackElo "1705"]
[PlyCount "116"]
[EventDate "2005.01.25"]
[EventType "swiss"]
[EventRounds "5"]
[EventCountry "GGB"]
[SourceTitle "BritBase"]
[Source "www.saund.co.uk"]
[SourceDate "2018.02.10"]
[SourceVersion "1"]
[SourceVersionDate "2018.02.10"]
[SourceQuality "1"]

1. e4 e5 2. Nf3 Nf6 3. Nxe5 d6 4. Nf3 Nxe4 5. d4 d5 6. Bf4 Be7 7. Nbd2 f5 8.
Ne5 O-O 9. f3 Nf6 10. Bd3 Nc6 11. c3 Nh5 12. Nxc6 bxc6 13. Be5 Bd6 14. O-O Nf4
15. Nb3 a5 16. Nc1 Qg5 17. Qc2 c5 18. Bxf4 Qxf4 19. g3 Qe3+ 20. Qf2 cxd4 21.
cxd4 f4 22. Re1 Qxf2+ 23. Kxf2 fxg3+ 24. hxg3 Rb8 25. Rb1 Bg4 26. Be2 Bf5 27.
Bd3 Bg4 28. Be2 Bd7 29. Nb3 Bf5 30. Rbc1 a4 31. Nc5 Rxb2 32. Nxa4 Rxa2 33. Nc3
Ra5 34. Nb5 Bb4 35. Red1 c6 36. Rxc6 Bd7 37. Rb6 Re8 38. Nc7 Rc8 39. Rxb4 Rxc7
40. Rb2 Kf7 41. f4 Bf5 42. Bf3 Rc2+ 43. Rd2 Rxd2+ 44. Rxd2 Ke7 45. Re2+ Kd6 46.
g4 Bd3 47. Re5 Bc4 48. f5 Ra2+ 49. Be2 Rd2 50. Re6+ Kd7 51. g5 Rxd4 52. Ke3 Rh4
53. Bxc4 dxc4 54. Re4 Rxe4+ 55. Kxe4 Kd6 56. Kd4 c3 57. f6 gxf6 58. gxf6 c2 0-1

[Event "Gibtelecom ChallWk1 3rd"]
[Site "Gibraltar"]
[Date "2005.01.28"]
[Round "3.9"]
[White "Slimani, Abderezzak"]
[Black "Elamri, Laila"]
[Result "1-0"]
[WhiteElo "1802"]
[BlackElo "1532"]
[PlyCount "45"]
[EventDate "2005.01.25"]
[EventType "swiss"]
[EventRounds "5"]
[EventCountry "GGB"]
[SourceTitle "BritBase"]
[Source "www.saund.co.uk"]
[SourceDate "2018.02.10"]
[SourceVersion "1"]
[SourceVersionDate "2018.02.10"]
[SourceQuality "1"]

1. b3 Nf6 2. Bb2 g6 3. c4 Bg7 4. g3 d6 5. Bg2 c5 6. d3 Nc6 7. Nc3 Bd7 8. e3 O-O
9. Nge2 Qc8 10. h3 a6 11. g4 Rb8 12. Qd2 b5 13. Nf4 b4 14. Ncd5 g5 15. Nxf6+
Bxf6 16. Bxf6 exf6 17. Nh5 Qd8 18. Qb2 Ne5 19. Kd2 Bc8 20. f4 gxf4 21. exf4 Nd7
22. Bc6 Bb7 23. Bxd7 1-0

[Event "Gibtelecom ChallWk1 3rd"]
[Site "Gibraltar"]
[Date "2005.01.27"]
[Round "3.10"]
[White "Culverhouse, Brian"]
[Black "Ince, Darren"]
[Result "1/2-1/2"]
[WhiteElo "1420"]
[BlackElo "1585"]
[PlyCount "72"]
[EventDate "2005.01.25"]
[EventType "swiss"]
[EventRounds "5"]
[EventCountry "GGB"]
[SourceTitle "BritBase"]
[Source "www.saund.co.uk"]
[SourceDate "2018.02.10"]
[SourceVersion "1"]
[SourceVersionDate "2018.02.10"]
[SourceQuality "1"]

1. e4 e6 2. d4 d5 3. exd5 exd5 4. Nf3 Bg4 5. Be2 Nf6 6. O-O Bd6 7. Bg5 O-O 8.
Nc3 c6 9. Re1 Nbd7 10. h3 Bh5 11. Nh4 Bxe2 12. Rxe2 h6 13. Nf5 hxg5 14. Nxd6
Qc7 15. Nf5 Rfe8 16. Re7 Rxe7 17. Nxe7+ Kf8 18. Nf5 Qf4 19. Ne3 Ne4 20. Nxe4
Qxe4 21. Qh5 Qh4 22. Qg4 Nf6 23. Qxh4 gxh4 24. Nf5 g5 25. Nd6 b6 26. Re1 Rd8
27. Nf5 Re8 28. Rxe8+ Nxe8 29. f3 f6 30. Kf2 Kf7 31. Ke3 Ke6 32. g4 hxg3 33.
Nxg3 Ng7 34. f4 Nf5+ 35. Nxf5 Kxf5 36. fxg5 fxg5 1/2-1/2

[Event "Gibtelecom ChallWk1 3rd"]
[Site "Gibraltar"]
[Date "2005.01.27"]
[Round "3.11"]
[White "Kekki, Kristina"]
[Black "Garcia Lechugo, Francisco"]
[Result "0-1"]
[WhiteElo "1112"]
[BlackElo "1712"]
[PlyCount "20"]
[EventDate "2005.01.25"]
[EventType "swiss"]
[EventRounds "5"]
[EventCountry "GGB"]
[SourceTitle "BritBase"]
[Source "www.saund.co.uk"]
[SourceDate "2018.02.10"]
[SourceVersion "1"]
[SourceVersionDate "2018.02.10"]
[SourceQuality "1"]

1. d4 g6 2. Nf3 Bg7 3. g3 d6 4. Bg2 Bd7 5. O-O Qc8 6. h3 Bxh3 7. Bxh3 Qxh3 8.
Nh2 h5 9. c3 Nf6 10. Nd2 h4 0-1

[Event "Gibtelecom ChallWk1 3rd"]
[Site "Gibraltar"]
[Date "2005.01.28"]
[Round "4.1"]
[White "Dickens, Rupert"]
[Black "Elamri, Khaled"]
[Result "0-1"]
[WhiteElo "1938"]
[BlackElo "1922"]
[PlyCount "92"]
[EventDate "2005.01.25"]
[EventType "swiss"]
[EventRounds "5"]
[EventCountry "GGB"]
[SourceTitle "BritBase"]
[Source "www.saund.co.uk"]
[SourceDate "2018.02.10"]
[SourceVersion "1"]
[SourceVersionDate "2018.02.10"]
[SourceQuality "1"]

1. d4 d5 2. Nf3 Nf6 3. c4 e6 4. Nc3 c6 5. e3 Nbd7 6. Qc2 Be7 7. Bd3 dxc4 8.
Bxc4 O-O 9. O-O b5 10. Bd3 Bb7 11. e4 h6 12. e5 Nd5 13. Nxd5 exd5 14. Re1 a6
15. e6 fxe6 16. Rxe6 Rf6 17. Qe2 Kf7 18. Re3 Bd6 19. Ne5+ Kg8 20. Qh5 Nf8 21.
Bd2 c5 22. Rg3 Qe8 23. Qh4 Bxe5 24. dxe5 Qxe5 25. Re1 Qd6 26. Qg4 Qd7 27. Qxd7
Nxd7 28. Re7 Rf7 29. Rge3 Kf8 30. R7e6 d4 31. Re1 Bd5 32. Rd6 Bxa2 33. Bg6 Re7
34. Ra1 Bf7 35. Bf5 Nf6 36. Rdxa6 Rxa6 37. Rxa6 Re2 38. Ba5 Rxb2 39. Bc7 g6 40.
Bd6+ Kg7 41. Bd3 Kg8 42. Bxc5 Rd2 43. Ra8+ Kg7 44. Bxb5 Rd1+ 45. Bf1 Bc4 46.
Ra7+ Kg8 0-1

[Event "Gibtelecom ChallWk1 3rd"]
[Site "Gibraltar"]
[Date "2005.01.28"]
[Round "4.2"]
[White "Kuenitz, Klaus"]
[Black "Sbia, Bachir"]
[Result "1-0"]
[WhiteElo "2005"]
[BlackElo "1960"]
[PlyCount "101"]
[EventDate "2005.01.25"]
[EventType "swiss"]
[EventRounds "5"]
[EventCountry "GGB"]
[SourceTitle "BritBase"]
[Source "www.saund.co.uk"]
[SourceDate "2018.02.10"]
[SourceVersion "1"]
[SourceVersionDate "2018.02.10"]
[SourceQuality "1"]

1. Nf3 Nf6 2. d4 d5 3. c4 e6 4. Nc3 Be7 5. Bf4 c6 6. e3 Nbd7 7. Bd3 O-O 8. h3
a6 9. c5 b6 10. b4 bxc5 11. bxc5 Qa5 12. Qd2 Re8 13. O-O Qd8 14. Rab1 Bf8 15.
Na4 Ne4 16. Qc2 f5 17. Nb6 Nxb6 18. Rxb6 g5 19. Bh2 Bg7 20. Rxc6 Bd7 21. Rb6
Bb5 22. Bxb5 axb5 23. Rxb5 g4 24. hxg4 fxg4 25. Ne5 g3 26. Bxg3 Nxg3 27. fxg3
Qg5 28. Nf3 Qxe3+ 29. Qf2 Qa3 30. c6 Rac8 31. Qc2 Qe3+ 32. Rf2 Bxd4 33. Nxd4
Qxd4 34. Rb7 Qe4 35. Qxe4 dxe4 36. c7 Re7 37. Rc2 Kf7 38. Kf2 Kf6 39. Ke3 Kf5
40. g4+ Kxg4 41. Kxe4 e5 42. a4 Rd7 43. a5 Rd4+ 44. Kxe5 Rd7 45. Ke6 Rg7 46. a6
Rg6+ 47. Kd7 Rcg8 48. Rb4+ Kg3 49. Rb3+ Kg4 50. Rc4+ Kf5 51. Rb5+ 1-0

[Event "Gibtelecom ChallWk1 3rd"]
[Site "Gibraltar"]
[Date "2005.01.28"]
[Round "4.3"]
[White "Hamer, Martyn"]
[Black "Taylor, Robert P"]
[Result "0-1"]
[WhiteElo "1915"]
[BlackElo "1675"]
[PlyCount "88"]
[EventDate "2005.01.25"]
[EventType "swiss"]
[EventRounds "5"]
[EventCountry "GGB"]
[SourceTitle "BritBase"]
[Source "www.saund.co.uk"]
[SourceDate "2018.02.10"]
[SourceVersion "1"]
[SourceVersionDate "2018.02.10"]
[SourceQuality "1"]

1. d4 d5 2. c4 c6 3. Nf3 Bg4 4. Ne5 Bf5 5. Nc3 e6 6. e3 Nd7 7. Nxd7 Qxd7 8. Bd2
Nf6 9. f3 Be7 10. g4 Nxg4 11. Rg1 Bh4+ 12. Ke2 Nf2 13. Qa4 Bd3+ 14. Ke1 Nh3+
15. Kd1 Nxg1 16. Bxd3 Nxf3 17. Ke2 Nxd2 18. Kxd2 O-O 19. Qd1 f5 20. Qh5 Bf6 21.
Rg1 Qf7 22. Qh3 Rac8 23. Ne2 g6 24. Nf4 Bg7 25. cxd5 cxd5 26. Qg2 Rc7 27. h4
Bh6 28. Nh3 Qe7 29. Qg3 Rfc8 30. a3 Qf6 31. Nf4 Bxf4 32. Qxf4 Rg7 33. Qd6 Qe7
34. Qe5 Kf7 35. h5 Qc7 36. Qxc7+ Rxc7 37. h6 Rg8 38. Bb1 g5 39. Bd3 g4 40. Ke2
Rg5 41. Rh1 Kg6 42. Kf2 Rh5 43. Rg1 Kxh6 44. Kg3 Kg5 0-1

[Event "Gibtelecom ChallWk1 3rd"]
[Site "Gibraltar"]
[Date "2005.01.28"]
[Round "4.4"]
[White "Gravett, Alan D"]
[Black "Benaddi, Mouhcine"]
[Result "0-1"]
[WhiteElo "1750"]
[BlackElo "1817"]
[PlyCount "82"]
[EventDate "2005.01.25"]
[EventType "swiss"]
[EventRounds "5"]
[EventCountry "GGB"]
[SourceTitle "BritBase"]
[Source "www.saund.co.uk"]
[SourceDate "2018.02.10"]
[SourceVersion "1"]
[SourceVersionDate "2018.02.10"]
[SourceQuality "1"]

1. g3 g6 2. Bg2 Bg7 3. d4 Nf6 4. e4 d6 5. Ne2 O-O 6. O-O Nbd7 7. Nbc3 c6 8. a4
e5 9. h3 Re8 10. Kh2 exd4 11. Nxd4 Nc5 12. f3 a5 13. Bg5 h6 14. Be3 Nfd7 15.
Qd2 Kh7 16. Rad1 Qe7 17. Bf4 Ne5 18. b3 Bd7 19. Be3 f5 20. f4 Nf7 21. Rfe1 fxe4
22. Nde2 d5 23. Nxd5 cxd5 24. Qxd5 Nd3 25. cxd3 Bc6 26. Qc4 Nd6 27. Qc5 exd3
28. Bxc6 Qxe3 29. Qxd6 dxe2 30. Bxe8 exd1=Q 31. Bxg6+ Kh8 32. Qxd1 Qf2+ 33. Kh1
Qxg3 34. f5 Be5 35. Qd2 Qf3+ 36. Kg1 Qg3+ 37. Kh1 Qxh3+ 38. Kg1 Qg4+ 39. Qg2
Qd4+ 40. Kh1 Qh4+ 41. Kg1 Qxe1+ 0-1

[Event "Gibtelecom ChallWk1 3rd"]
[Site "Gibraltar"]
[Date "2005.01.28"]
[Round "4.5"]
[White "Gonzalez Amaya, Millan"]
[Black "Garcia Silva, Angel"]
[Result "1/2-1/2"]
[WhiteElo "1705"]
[BlackElo "1877"]
[PlyCount "80"]
[EventDate "2005.01.25"]
[EventType "swiss"]
[EventRounds "5"]
[EventCountry "GGB"]
[SourceTitle "BritBase"]
[Source "www.saund.co.uk"]
[SourceDate "2018.02.10"]
[SourceVersion "1"]
[SourceVersionDate "2018.02.10"]
[SourceQuality "1"]

1. e4 e6 2. d4 d5 3. Nc3 c5 4. Nf3 Nc6 5. e5 a6 6. Ne2 Qb6 7. c3 Nge7 8. dxc5
Qxc5 9. Be3 Qa5 10. Ned4 Ng6 11. Be2 Ngxe5 12. Nxe5 Nxe5 13. O-O Be7 14. Bf4
Ng6 15. Bg3 O-O 16. f4 Bd6 17. f5 Bxg3 18. fxg6 Bd6 19. gxf7+ Rxf7 20. Rxf7
Kxf7 21. Bh5+ Kg8 22. Qf3 Qc7 23. Rf1 e5 24. Qxd5+ Kh8 25. Rf7 Qc5 26. Qxc5
Bxc5 27. b4 Be6 28. Rxb7 exd4 29. bxc5 dxc3 30. Bd1 Bxa2 31. Bc2 Bd5 32. Rd7
Be6 33. Rd3 Ba2 34. Rd7 Rc8 35. Ra7 Bc4 36. Kf2 g6 37. Rb7 Ba2 38. Ke3 Kg8 39.
Kd4 Ra8 40. c6 Be6 1/2-1/2

[Event "Gibtelecom ChallWk1 3rd"]
[Site "Gibraltar"]
[Date "2005.01.28"]
[Round "4.6"]
[White "Hurn, Robert"]
[Black "Slimani, Abderezzak"]
[Result "0-1"]
[WhiteElo "1682"]
[BlackElo "1802"]
[PlyCount "96"]
[EventDate "2005.01.25"]
[EventType "swiss"]
[EventRounds "5"]
[EventCountry "GGB"]
[SourceTitle "BritBase"]
[Source "www.saund.co.uk"]
[SourceDate "2018.02.10"]
[SourceVersion "1"]
[SourceVersionDate "2018.02.10"]
[SourceQuality "1"]

1. e4 c5 2. Nf3 e6 3. d4 cxd4 4. Nxd4 Nc6 5. Nb5 d6 6. c4 a6 7. N5c3 Nf6 8. Be2
Be7 9. Be3 O-O 10. O-O Nd7 11. f4 Qc7 12. Nd2 b6 13. Nf3 Bb7 14. Rc1 Qb8 15.
Qc2 Qa7 16. Rfd1 Rfd8 17. Kh1 Rac8 18. Qb1 Na5 19. Nd2 Nc6 20. Nf3 Bf8 21. Ng5
h6 22. Nf3 Qb8 23. a3 Ba8 24. b4 Ne7 25. Nd2 Ng6 26. Nf3 Qb7 27. Bd3 Nf6 28.
Kg1 Ng4 29. Bd2 b5 30. Rf1 bxc4 31. Bc2 Qb6+ 32. Kh1 Nf2+ 33. Rxf2 Qxf2 34. Rf1
Qb6 35. Qe1 d5 36. exd5 exd5 37. f5 Re8 38. Qg3 Bd6 39. Qg4 Ne5 40. Nxe5 Bxe5
41. Ne2 Qf6 42. Ba4 Red8 43. Nf4 Bxf4 44. Bxf4 d4 45. Re1 d3 46. Be5 d2 47. Re3
Qg5 48. Qxg5 d1=Q+ 0-1

[Event "Gibtelecom ChallWk1 3rd"]
[Site "Gibraltar"]
[Date "2005.01.28"]
[Round "4.7"]
[White "Judd, Ian"]
[Black "Garriga Marrodan, Enrique"]
[Result "1-0"]
[WhiteElo "1847"]
[BlackElo "1915"]
[PlyCount "84"]
[EventDate "2005.01.25"]
[EventType "swiss"]
[EventRounds "5"]
[EventCountry "GGB"]
[SourceTitle "BritBase"]
[Source "www.saund.co.uk"]
[SourceDate "2018.02.10"]
[SourceVersion "1"]
[SourceVersionDate "2018.02.10"]
[SourceQuality "1"]

1. c4 e6 2. g3 Nf6 3. Bg2 c6 4. Nf3 d5 5. b3 Bd6 6. Bb2 Nbd7 7. O-O O-O 8. d4
Ne4 9. Qd3 f5 10. Nbd2 Ndf6 11. Ne5 Nd7 12. Ndf3 Nxe5 13. Nxe5 Qe7 14. f3 Ng5
15. e4 fxe4 16. fxe4 dxe4 17. Bxe4 Bxe5 18. Rxf8+ Qxf8 19. dxe5 Nxe4 20. Qxe4
Bd7 21. Rd1 Rd8 22. Rd6 Bc8 23. c5 Rxd6 24. exd6 Qf5 25. Qd4 Qb1+ 26. Kf2 Qc2+
27. Ke3 Qg6 28. d7 Qh6+ 29. Kd3 Qg6+ 30. Kc3 Bxd7 31. Qxd7 Qf6+ 32. Kb4 a5+ 33.
Kxa5 Qf8 34. Qxe6+ Kh8 35. Bxg7+ Qxg7 36. Qe8+ Qf8 37. Qe4 Kg8 38. Qd4 Qf5 39.
Qe4 Qf8 40. Qe5 Qe8 41. b4 Qg6 42. h3 Qf5 1-0

[Event "Gibtelecom ChallWk1 3rd"]
[Site "Gibraltar"]
[Date "2005.01.28"]
[Round "4.8"]
[White "Biletska, Iryna"]
[Black "Ince, Darren"]
[Result "1/2-1/2"]
[WhiteElo "1915"]
[BlackElo "1585"]
[PlyCount "79"]
[EventDate "2005.01.25"]
[EventType "swiss"]
[EventRounds "5"]
[EventCountry "GGB"]
[SourceTitle "BritBase"]
[Source "www.saund.co.uk"]
[SourceDate "2018.02.10"]
[SourceVersion "1"]
[SourceVersionDate "2018.02.10"]
[SourceQuality "1"]

1. d4 d5 2. Bf4 Nf6 3. e3 Bf5 4. c4 e6 5. a3 c6 6. Qb3 Qc8 7. Nd2 Be7 8. Ngf3
Nbd7 9. Bd3 Bxd3 10. Qxd3 O-O 11. Ne5 Nxe5 12. Bxe5 Nd7 13. Bg3 Qd8 14. h4 Nf6
15. h5 h6 16. f3 c5 17. dxc5 Bxc5 18. b4 Be7 19. c5 a5 20. Be5 axb4 21. axb4
Nd7 22. Bc3 Bf6 23. O-O Qc7 24. Rxa8 Rxa8 25. Nb1 Qg3 26. Be1 Qe5 27. g4 Ra2
28. f4 Qc7 29. Qb3 Rb2 30. Qd1 e5 31. Bc3 exf4 32. Bxb2 fxe3 33. Qf3 Bxb2 34.
Qxe3 Bd4 35. Qxd4 Qg3+ 36. Kh1 Qh3+ 37. Kg1 Kh7 38. Rf3 Kg8 39. Rxf7 Qg3+ 40.
Kf1 1/2-1/2

[Event "Gibtelecom ChallWk1 3rd"]
[Site "Gibraltar"]
[Date "2005.01.28"]
[Round "4.9"]
[White "Garcia Lechugo, Francisco"]
[Black "Elamri, Sanae"]
[Result "1/2-1/2"]
[WhiteElo "1712"]
[BlackElo "1675"]
[PlyCount "49"]
[EventDate "2005.01.25"]
[EventType "swiss"]
[EventRounds "5"]
[EventCountry "GGB"]
[SourceTitle "BritBase"]
[Source "www.saund.co.uk"]
[SourceDate "2018.02.10"]
[SourceVersion "1"]
[SourceVersionDate "2018.02.10"]
[SourceQuality "1"]

1. Nf3 Nf6 2. g3 g6 3. b4 Bg7 4. Bb2 d6 5. Bg2 O-O 6. O-O a6 7. c4 Nc6 8. a3
Be6 9. d3 Qd7 10. Ng5 Bf5 11. e4 Bg4 12. f3 Be6 13. Nxe6 Qxe6 14. Nc3 a5 15.
Nd5 Qd7 16. Nxf6+ Bxf6 17. Bxf6 exf6 18. b5 Nd4 19. a4 Rfe8 20. Ra2 Re7 21. Rb2
b6 22. Qa1 Qe6 23. Rbf2 Nb3 24. Qb2 Nc5 25. Qc2 1/2-1/2

[Event "Gibtelecom ChallWk1 3rd"]
[Site "Gibraltar"]
[Date "2005.01.28"]
[Round "4.10"]
[White "Culverhouse, Brian"]
[Black "Elamri, Laila"]
[Result "1-0"]
[WhiteElo "1420"]
[BlackElo "1532"]
[PlyCount "91"]
[EventDate "2005.01.25"]
[EventType "swiss"]
[EventRounds "5"]
[EventCountry "GGB"]
[SourceTitle "BritBase"]
[Source "www.saund.co.uk"]
[SourceDate "2018.02.10"]
[SourceVersion "1"]
[SourceVersionDate "2018.02.10"]
[SourceQuality "1"]

1. e4 e5 2. Nf3 Nf6 3. Nxe5 d6 4. Nf3 Be7 5. d3 O-O 6. Nc3 c5 7. g3 Re8 8. Bg2
Bg4 9. h3 Be6 10. O-O Qd7 11. Kh2 Nc6 12. Ng1 Rad8 13. f4 Qc7 14. f5 Bc8 15. g4
d5+ 16. Bf4 Bd6 17. Bxd6 Qxd6+ 18. Kh1 dxe4 19. Nxe4 Nxe4 20. Bxe4 Qg3 21. Bxc6
bxc6 22. Qf3 Qd6 23. Qf4 Qd5+ 24. Qf3 Bb7 25. Qxd5 cxd5 26. Rae1 d4+ 27. Kh2 f6
28. Kg3 Re3+ 29. Rxe3 dxe3 30. Re1 Re8 31. Kf4 c4 32. Rxe3 Rd8 33. Nf3 cxd3 34.
Rxd3 Rc8 35. c3 Re8 36. Re3 Rd8 37. Nd4 Kf7 38. Re6 a6 39. Rb6 Rd7 40. Ne6 Bg2
41. h4 Rd3 42. Nd4 h6 43. Rxa6 g5+ 44. fxg6+ Kg7 45. Kf5 Bh1 46. Ne6+ 1-0

[Event "Gibtelecom ChallWk1 3rd"]
[Site "Gibraltar"]
[Date "2005.01.29"]
[Round "5.1"]
[White "Elamri, Khaled"]
[Black "Benaddi, Mouhcine"]
[Result "1/2-1/2"]
[WhiteElo "1922"]
[BlackElo "1817"]
[PlyCount "37"]
[EventDate "2005.01.25"]
[EventType "swiss"]
[EventRounds "5"]
[EventCountry "GGB"]
[SourceTitle "BritBase"]
[Source "www.saund.co.uk"]
[SourceDate "2018.02.10"]
[SourceVersion "1"]
[SourceVersionDate "2018.02.10"]
[SourceQuality "1"]

1. c4 Nf6 2. Nc3 e6 3. Nf3 b6 4. g3 Be7 5. Bg2 Bb7 6. d3 O-O 7. O-O d6 8. Qc2
Na6 9. a3 c5 10. Rb1 d5 11. cxd5 exd5 12. d4 Ne4 13. dxc5 Naxc5 14. Nxe4 Nxe4
15. Nd2 Qc8 16. Qxc8 Raxc8 17. Nxe4 dxe4 18. Bd2 Rc2 19. Rfd1 1/2-1/2

[Event "Gibtelecom ChallWk1 3rd"]
[Site "Gibraltar"]
[Date "2005.01.29"]
[Round "5.2"]
[White "Taylor, Robert P"]
[Black "Kuenitz, Klaus"]
[Result "1-0"]
[WhiteElo "1675"]
[BlackElo "2005"]
[PlyCount "55"]
[EventDate "2005.01.25"]
[EventType "swiss"]
[EventRounds "5"]
[EventCountry "GGB"]
[SourceTitle "BritBase"]
[Source "www.saund.co.uk"]
[SourceDate "2018.02.10"]
[SourceVersion "1"]
[SourceVersionDate "2018.02.10"]
[SourceQuality "1"]

1. d4 f5 2. Bg5 g6 3. e3 Bg7 4. c3 Nf6 5. Nd2 O-O 6. Ngf3 d6 7. Bc4+ Kh8 8. Qe2
Nc6 9. Rd1 Qe8 10. O-O e5 11. dxe5 dxe5 12. a3 Nh5 13. h3 h6 14. Bh4 f4 15.
exf4 exf4 16. Qxe8 Rxe8 17. Bf7 Bf5 18. Bxe8 Rxe8 19. Rfe1 Rxe1+ 20. Rxe1 g5
21. g4 fxg3 22. Bxg3 Nxg3 23. fxg3 Bxh3 24. Kf2 Kh7 25. Rh1 Bf5 26. Nxg5+ Kg6
27. Ngf3 h5 28. Nh4+ 1-0